Rappers by Album - Statistics

General Stats
  • This quiz has been taken 393 times
  • The average score is 30 of 117
Answer Stats
Album Answer % Correct
Yeezus Kanye West
93%
GNX Kendrick Lamar
92%
Scorpion Drake
90%
? XXXTENTACION
89%
Utopia Travis Scott
86%
4:44 Jay Z
77%
Legends Never Die Juice Wrld
74%
Eternal Atake Lil Uzi Vert
70%
Die Lit Playboi Carti
70%
I am > I was 21 Savage
68%
Channel Orange Frank Ocean
60%
High Off Life Future
59%
KOD J. Cole
56%
MM FOOD MF DOOM
54%
Wolf Tyler the Creator
53%
Invasion Of Privacy Cardi B
52%
Culture Migos
52%
B4.DA.$$ Joey Bada$$
50%
Too Hard Lil Baby
46%
Barter 6 Young Thug
46%
Testing A$ap Rocky
45%
A Great Chaos Ken Carson
45%
Meet the Woo Pop Smoke
45%
TEC Lil Tecca
38%
Aquemini Outkast
38%
Alligator Bites Never Heal Doechii
37%
It was written Nas
37%
Daytona Pusha T
37%
Oxymoron ScHoolboy Q
37%
DS4EVER Gunna
36%
DiCaprio 2 JID
36%
Top Shotta NLE Choppa
35%
Lyfe Yeat
35%
Heaven or Hell Don Toliver
33%
NOSTYLIST Destroy Lonely
32%
ZUU Denzel Curry
30%
MICHAEL Killer Mike
30%
Big Fish Theory Vince Staples
30%
Finally Rich Chief Keef
29%
Life's A Trip Trippie Redd
29%
Pray for Paris Westside Gunn
28%
The Sound of Bad Habit Baby Keem
26%
Colouring Book Chance the Rapper
26%
Good AM Mac Miller
26%
Doris Earl Sweatshirt
25%
Set it Off Offset
25%
Bandana Freddie Gibbs
24%
6locc 6a6y Lil Loaded
24%
My Dear Melancholy The Weeknd
22%
The Last Rocket Takeoff
21%
All My Heroes Are Cornballs JPEGMAFIA
20%
Dummy Boy 6ix9ine
19%
Nuthin' 2 Prove Lil Yachty
19%
Black On Both Sides Mos Def
19%
Rocket Power Quavo
19%
Z SZA
19%
Glorius Glorilla
18%
Traumazine Megan Thee Stallion
18%
Psychodrama Dave
17%
The Sun's Tirade Isaiah Rashad
17%
Kutthroat Bill Kodak Black
17%
Wasteland Brent Faiyaz
16%
Trapsoul Bryson Tiller
15%
Hot Pink Doja Cat
15%
Hood Hottest Princess Sexxy Red
15%
Herbert Ab-Soul
14%
Tana Talk Benny the Butcher
13%
Kauai Childish Gambino
13%
Heartbreak Anniversary Giveon
13%
Freewave 3 Lucki
13%
Care For Me Saba
13%
#SantanaWorld(+) Tay K
13%
East Atlanta Love Letter 6lack
12%
Midnight Marauders A Tribe Called Quest
12%
-Tragedy+ $not
12%
Good Girl Gone Bad Rihanna
12%
Detroit Big Sean
11%
Freudian Daniel Caesar
11%
Pray for Haiti Mach-Hommy
11%
Slimeball Young Nudy
11%
Sill Striving A$ap Ferg
10%
You Will Regret Ski Mask the Slump God
10%
The Lofis Steve Lacy
10%
How Do You Sleep At Night? Teezo Touchdown
10%
Super Tecmo Bo Boldy James
9%
XXX Danny Brown
9%
Redemption Jay Rock
9%
God Don't Make Mistakes Conway the Machine
8%
The Great Escape Larry June
8%
Ignorance Is Bliss Skepta
8%
blkswn Smino
8%
No Idols Domo Genesis
6%
Telefone Noname
6%
Isolation Kali Uchis
5%
No Thank You Little Simz
5%
To hell with it PinkPantheress
5%
Over it Summer Walker
5%
Laughing So Hard It Hurts MAVI
4%
Heavy Is the Head Stormzy
4%
Made In Lagos Wizkid
4%
Caprisongs FKA Twigs
3%
Bubba Kaytranada
3%
NRG 105 Knucks
3%
Good Movie Pierre Bourne
3%
A seat at the table Solange
3%
Ganger Veeze
3%
Bigger Than Life or Death EST Gee
2%
Integrity> JME
2%
Lost and Found Jorja Smith
2%
The Water [S] Mick Jenkins
2%
Drunk Thundercat
2%
More Black Superheroes Westside Boogie
2%
Noones Nice To Me Cochise
1%
Common Sense J Hus
1%
Herstory 2 Young MA
1%
lost souls mes
0%
No matching quizzes found
Score Distribution
Percent of People with Each Score
Percentile by Number Answered
Your Score History
You have not taken this quiz